Statistics for Harry Potter first names.

Click here to take the quiz!

General Stats

  • This quiz has been taken 32 times
  • The average score is 10 of 10

Answer Stats

Last nameFirst name% Correct
PotterHarry
100%
GrangerHermione
100%
DumbledoreAlbus
97%
SnapeSeverus
97%
BlackSirius
97%
RiddleTom
97%
LongbottomNeville
93%
WeaslyRonald
93%
LestrangeBellatrix
90%
MacGonagallMinerva
90%

Score Distribution

Percentile by Number Answered

Percent of People with Each Score

Your Score History

You have not taken this quiz